| 000 | 00422 a2200145 4500 | ||
|---|---|---|---|
| 999 |
_c3384 _d3384 |
||
| 020 | _a0812351843 | ||
| 050 | _aPN 59 McD 1989 | ||
| 100 |
_a Littell, McDougal _eauthor |
||
| 245 |
_aMcDougal, Littell English: _cMcDougal Littell. |
||
| 264 |
_aEvanston, Ill. : _b McDougal, Littell, _c1989 |
||
| 300 |
_a868p . : _bill. (col.) . |
||
| 500 | _aincludes index. | ||
| 650 | _aEnglish language. | ||
| 942 |
_2lcc _cBK _h59 _iMcD _k1989 |
||